书目信息 |
| 题名: |
资产评估学
|
|
| 作者: | 何雨谦 , 韦芳 主编 | |
| 分册: | ||
| 出版信息: | 大连 东北财经大学出版社 2019.10 |
|
| 页数: | 352页 | |
| 开本: | 26cm | |
| 丛书名: | 21世纪会计系列规划教材 | |
| 单 册: | ||
| 中图分类: | F20 | |
| 科图分类: | ||
| 主题词: | 资产评估--zi chan ping gu--高等学校--教材 | |
| 电子资源: | ||
| ISBN: | 978-7-5654-3675-8 | |
| 000 | 01300oam2 2200313 450 | |
| 001 | 2131729174 | |
| 005 | 20211003090728.83 | |
| 010 | @a978-7-5654-3675-8@dCNY46.00 | |
| 100 | @a20200106d2019 em y0chiy0120 ea | |
| 101 | 0 | @achi |
| 102 | @aCN@b210000 | |
| 105 | @aak a 000y | |
| 106 | @ar | |
| 200 | 1 | @a资产评估学@Azi chan ping gu xue@dAsset evaluation@f何雨谦, 韦芳主编@zeng |
| 205 | @a2版 | |
| 210 | @a大连@c东北财经大学出版社@d2019.10 | |
| 215 | @a352页@c图@d26cm | |
| 225 | 2 | @a21世纪会计系列规划教材@A21shi ji hui ji xi lie gui hua jiao cai@e应用型 |
| 320 | @a有书目 (第345页) | |
| 330 | @a资产评估是一门融理论和操作为一体,具有较强应用性的经济管理类学科,其重要性也随着我国社会主义市场经济的不断发展和完善更加突出。为了体现高等教育服务于社会的理念,作者组织数名具有丰富教学经验的高校教师,在参阅了近年来出版的资产评估教材基础之上,把多年的教研成果和教学经验加以提炼,并聘请知名教授担任顾问,经过反复研讨后精心编写了本教材。 | |
| 333 | @a高校相关专业师生 | |
| 461 | 0 | @12001 @a21世纪会计系列规划教材 (应用型) |
| 510 | 1 | @aAsset evaluation@zeng |
| 606 | 0 | @a资产评估@Azi chan ping gu@x高等学校@j教材 |
| 690 | @aF20@v5 | |
| 701 | 0 | @a何雨谦@Ahe yu qian@4主编 |
| 701 | 0 | @a韦芳@Awei fang@4主编 |
| 801 | 0 | @aCN@b百万庄@c20210929 |
| 905 | @b1303198-3201@dF20@e104=2@f4 | |
| 资产评估学=Asset evaluation/何雨谦, 韦芳主编.-2版.-大连:东北财经大学出版社,2019.10 |
| 352页:图;26cm.-(21世纪会计系列规划教材:应用型) |
| 使用对象:高校相关专业师生 |
| ISBN 978-7-5654-3675-8:CNY46.00 |
| 资产评估是一门融理论和操作为一体,具有较强应用性的经济管理类学科,其重要性也随着我国社会主义市场经济的不断发展和完善更加突出。为了体现高等教育服务于社会的理念,作者组织数名具有丰富教学经验的高校教师,在参阅了近年来出版的资产评估教材基础之上,把多年的教研成果和教学经验加以提炼,并聘请知名教授担任顾问,经过反复研讨后精心编写了本教材。 |
| ● |
| 相关链接 |
|
|
|
|
正题名:资产评估学
索取号:F20/104=2
 
预约/预借
| 序号 | 登录号 | 条形码 | 馆藏地/架位号 | 状态 | 备注 |
| 1 | 1303198 | 213031985 | 第一样本阅览室/ [索取号:F20/104=2] | 在馆 | |
| 2 | 1303199 | 213031994 | 第一借阅区/ [索取号:F20/104=2] | 在馆 | |
| 3 | 1303200 | 213032001 | 第一借阅区/ [索取号:F20/104=2] | 在馆 | |
| 4 | 1303201 | 213032010 | 第一借阅区/ [索取号:F20/104=2] | 在馆 |